[Event "Gibraltar Masters 2020"]
[Site "Caleta ENG"]
[Date "2020.01.27"]
[Round "7.82"]
[White "Borocz, Istvan1"]
[Black "Kandic, Milan"]
[Result "1-0"]
[WhiteTitle "IM"]
[BlackTitle "FM"]
[WhiteElo "2337"]
[BlackElo "2132"]
[WhiteFideId "703036"]
[BlackFideId "926752"]
[EventDate "2020.01.21"]

1. e4 d6 2. d4 Nf6 3. Nc3 e5 4. Nf3 Nbd7 5. Bc4 Be7 6. O-O O-O 7. a4 c6 8. Re1
b6 9. Bg5 Qc7 10. Ba2 Bb7 11. Nh4 h6 12. Bxh6 gxh6 13. Nf5 Kh7 14. Nxe7 exd4 15.
Qxd4 Ne5 16. Nf5 Rg8 17. Re3 Nfg4 18. Rg3 d5 19. exd5 cxd5 20. h3 Nf6 21. Qf4
Rg5 22. Rxg5 hxg5 23. Qd4 Kg6 24. Nb5 Qxc2 25. Ne7+ 1-0

[Event "Gibraltar Masters 2020"]
[Site "Caleta ENG"]
[Date "2020.01.27"]
[Round "7.83"]
[White "Divya, Deshmukh"]
[Black "Advait, Bagri"]
[Result "1-0"]
[WhiteTitle "WIM"]
[BlackTitle "CM"]
[WhiteElo "2322"]
[BlackElo "2105"]
[WhiteFideId "35006916"]
[BlackFideId "5820391"]
[EventDate "2020.01.21"]

1. Nf3 d5 2. g3 Nf6 3. Bg2 Bg4 4. d3 Nbd7 5. O-O e6 6. Nbd2 Be7 7. h3 Bh5 8. b3
O-O 9. Bb2 a5 10. a4 h6 11. Re1 c6 12. e4 Bg6 13. Qe2 Qc7 14. Rad1 Rfd8 15. Nh2
Qb6 16. Kh1 Bc5 17. Rf1 Bh7 18. f4 Bd4 19. Ba3 Bc5 20. Bc1 Qc7 21. Bb2 Bb4 22.
Ng4 Nxg4 23. Qxg4 Bf8 24. f5 exf5 25. exf5 Qd6 26. Rf4 Re8 27. Rdf1 Nf6 28. Qd1
Re7 29. c4 Rae8 30. Bd4 Nd7 31. c5 Nxc5 32. f6 Rc7 33. fxg7 Bxg7 34. Qa1 Bxd4
35. Qxd4 Bg6 36. Rh4 Kh7 37. Nf3 Ne6 38. Qe3 h5 39. g4 Ng7 40. Qd2 Kg8 41. Rg1
Rce7 42. Qh6 Re2 43. Rxh5 Nxh5 44. gxh5 Qg3 45. hxg6 fxg6 46. Ng5 R8e7 47. Bxd5+ 1-0

[Event "Gibraltar Masters 2020"]
[Site "Caleta ENG"]
[Date "2020.01.27"]
[Round "7.84"]
[White "Heinemann, Josefine"]
[Black "Winter, Kevin"]
[Result "1-0"]
[WhiteTitle "WGM"]
[WhiteElo "2317"]
[BlackElo "1714"]
[WhiteFideId "12900460"]
[BlackFideId "421960"]
[EventDate "2020.01.21"]

1. e4 d6 2. d4 Nf6 3. Nc3 e5 4. Nge2 Nbd7 5. g3 Be7 6. Bg2 c6 7. O-O O-O 8. a4
a5 9. h3 Qc7 10. Be3 b6 11. g4 Ba6 12. Re1 Rac8 13. Ng3 Bb7 14. Nf5 Nb8 15. dxe5
dxe5 16. Bxb6 Qxb6 17. Nxe7+ Kh8 18. Nxc8 Bxc8 19. b3 Qb4 20. Qf3 h6 21. Rad1
Be6 22. Ne2 Na6 23. Qc3 Qxc3 24. Nxc3 Nb4 25. Rd2 g5 26. Bf1 Kg7 27. Nd1 c5 28.
Bb5 c4 29. bxc4 Rc8 30. c3 Nc6 31. f3 Na7 32. Ne3 Rc5 33. Red1 Nxb5 34. axb5 Nd7
35. Rxd7 1-0

[Event "Gibraltar Masters 2020"]
[Site "Caleta ENG"]
[Date "2020.01.27"]
[Round "7.85"]
[White "Sousa, Ludy Helsio Paulo"]
[Black "Utiatskaja, Irina"]
[Result "0-1"]
[WhiteTitle "CM"]
[BlackTitle "WIM"]
[WhiteElo "2247"]
[BlackElo "2143"]
[WhiteFideId "1504134"]
[BlackFideId "24140848"]
[EventDate "2020.01.21"]

1. e4 e5 2. Nf3 Nc6 3. Bc4 Bc5 4. b4 Bxb4 5. c3 Be7 6. d4 Na5 7. Nxe5 Nxc4 8.
Nxc4 d5 9. exd5 Qxd5 10. Ne3 Qd8 11. O-O Nf6 12. Nd2 O-O 13. Nf3 c6 14. Qc2 Re8
15. c4 Qa5 16. Ne5 Bd6 17. Bd2 Qc7 18. Nf3 Ne4 19. Bc1 h6 20. h3 Qe7 21. Bb2
Nxf2 22. Rxf2 Qxe3 23. Re1 Qxe1+ 24. Nxe1 Rxe1+ 25. Rf1 Rxf1+ 26. Kxf1 Bd7 27.
Qb3 Re8 28. Qxb7 Bg3 29. Bc3 Bf5 30. Qb3 Re3 31. Qb4 Bd3+ 32. Kg1 Re2 33. d5 Rf2
34. Qb8+ Bxb8 35. Kxf2 Bxc4 36. dxc6 Bxa2 37. Ba5 Bd6 0-1

[Event "Gibraltar Masters 2020"]
[Site "Caleta ENG"]
[Date "2020.01.27"]
[Round "7.86"]
[White "Zhou, Guijue"]
[Black "Ranaldi, Lucas"]
[Result "0-1"]
[WhiteTitle "WIM"]
[BlackTitle "FM"]
[WhiteElo "2193"]
[BlackElo "2296"]
[WhiteFideId "8602905"]
[BlackFideId "1519484"]
[EventDate "2020.01.21"]

1. e4 c6 2. d4 d5 3. e5 Bf5 4. Nc3 e6 5. g4 Bg6 6. Nge2 c5 7. h4 h5 8. Nf4 Bh7
9. Nxh5 Nc6 10. dxc5 Nxe5 11. Bb5+ Nc6 12. Qd4 f6 13. Qa4 Qd7 14. Be3 a6 15.
O-O-O O-O-O 16. Bxc6 Qxc6 17. Qxc6+ bxc6 18. f4 Nh6 19. Rhg1 Bg6 20. Nxg7 Bxg7
21. g5 Nf5 22. gxf6 Bh6 23. Rxg6 Nxe3 24. Rd3 Nf5 25. f7 Kd7 26. Ne2 Ke7 27. Rb3
Kxf7 28. h5 Rb8 29. Ra3 Ra8 30. Kb1 Bf8 31. Rg5 Be7 32. Rg4 Rxh5 33. b4 Rh2 34.
Ng1 Bf6 35. c3 Ne3 36. Rg3 Nc4 37. Ra4 a5 38. Nf3 Rf2 39. Ne5+ Bxe5 40. fxe5
Rf1+ 41. Kc2 Rh8 0-1

[Event "Gibraltar Masters 2020"]
[Site "Caleta ENG"]
[Date "2020.01.27"]
[Round "7.87"]
[White "Povah, Nigel E"]
[Black "Raghav, Srivathsav V"]
[Result "1/2-1/2"]
[WhiteTitle "IM"]
[WhiteElo "2284"]
[BlackElo "2023"]
[WhiteFideId "400467"]
[BlackFideId "5073316"]
[EventDate "2020.01.21"]

1. d4 g6 2. e4 Bg7 3. Nc3 d6 4. Be3 Nf6 5. Nf3 c6 6. Qd2 b5 7. Bd3 Bb7 8. O-O
O-O 9. Bh6 Nbd7 10. a4 a6 11. e5 dxe5 12. dxe5 Ne8 13. Ne4 Qc7 14. Bxg7 Nxg7 15.
Qg5 f6 16. exf6 exf6 17. Qg3 Qxg3 18. hxg3 Rad8 19. b4 Nb6 20. Nc5 Bc8 21. axb5
axb5 22. Be4 Nd5 23. Bxd5+ Rxd5 24. c3 Ne6 25. Nxe6 Bxe6 26. Rfe1 Bd7 27. Rad1
Re8 28. Rf1 Be6 29. Nd4 Bd7 30. Nb3 Ree5 31. Nc5 Bf5 32. f3 h5 33. Kf2 Bc2 34.
Rxd5 Rxd5 35. Ke3 Re5+ 36. Kd2 Bf5 37. Ra1 Re7 38. Ra6 Rc7 39. Ke3 Kf7 40. Kd4
Ke7 41. Ra8 Kf7 42. Rh8 Kg7 43. Rb8 Re7 44. Rb7 Kf7 45. c4 bxc4 46. Kxc4 g5 47.
Kd4 g4 48. Rxe7+ 1/2-1/2

[Event "Gibraltar Masters 2020"]
[Site "Caleta ENG"]
[Date "2020.01.27"]
[Round "7.88"]
[White "Seul, Georg"]
[Black "Tejaswini, Sagar"]
[Result "1/2-1/2"]
[WhiteTitle "IM"]
[BlackTitle "WIM"]
[WhiteElo "2401"]
[BlackElo "2180"]
[WhiteFideId "4601653"]
[BlackFideId "5054290"]
[EventDate "2020.01.21"]

1. e4 e5 2. Bc4 Bc5 3. Nf3 Nc6 4. d3 Nf6 5. O-O d6 6. c3 h6 7. a4 a5 8. Re1 O-O
9. Nbd2 Bb6 10. h3 Ne7 11. Bb3 c6 12. d4 Ng6 13. Bc2 Be6 14. Nf1 Re8 15. Be3 Bc7
16. Ng3 Qd7 17. Qd2 Kh7 18. Rad1 Rad8 19. Qc1 Qc8 20. dxe5 dxe5 21. Nf5 Rxd1 22.
Rxd1 Bxf5 23. exf5 Nf4 24. Bxf4 exf4 25. Re1 Kg8 26. Rxe8+ Qxe8 27. Qf1 Qd7 28.
Qe2 Qd6 29. Bb3 Kf8 30. Kf1 Qe7 1/2-1/2

[Event "Gibraltar Masters 2020"]
[Site "Caleta ENG"]
[Date "2020.01.27"]
[Round "7.89"]
[White "Belenkaya, Dina"]
[Black "Hapala, Elisabeth"]
[Result "1/2-1/2"]
[WhiteTitle "WGM"]
[BlackTitle "WFM"]
[WhiteElo "2304"]
[BlackElo "2170"]
[WhiteFideId "24142654"]
[BlackFideId "1622080"]
[EventDate "2020.01.21"]

1. e4 e5 2. Nf3 Nc6 3. d4 exd4 4. Nxd4 Nf6 5. Nxc6 bxc6 6. Bd3 d5 7. e5 Ng4 8.
O-O Bc5 9. Bf4 O-O 10. h3 Nxf2 11. Rxf2 Bxf2+ 12. Kxf2 Qh4+ 13. g3 Qxh3 14. Qf3
f6 15. Nd2 fxe5 16. Rh1 Qg4 17. Bxh7+ Kf7 18. Bxe5+ Qxf3+ 19. Nxf3 g6 20. Re1
Bg4 21. Nh4 Bh5 22. g4 Bxg4 23. Bxg6+ Ke7+ 24. Kg3 Be6 25. Bxc7 Kd7 26. Be5 Rg8
27. Kf4 Raf8+ 28. Ke3 c5 29. c3 Bf7 30. Bc2 Kc6 31. Rf1 Bh5 32. Rxf8 Rxf8 33.
Nf5 Kb6 34. Kf4 Bg6 35. b3 Bh7 36. Bd3 Bg6 37. b4 Bxf5 38. Bxf5 cxb4 39. cxb4 a5
40. a3 axb4 41. axb4 Kb5 42. Bd6 Rf6 43. Bc5 d4 44. Ke4 Rxf5 45. Kxf5 d3 46. Be3
Kxb4 47. Ke4 d2 1/2-1/2

[Event "Gibraltar Masters 2020"]
[Site "Caleta ENG"]
[Date "2020.01.27"]
[Round "7.90"]
[White "De Lange, Job"]
[Black "Injac, Teodora"]
[Result "1/2-1/2"]
[BlackTitle "WIM"]
[WhiteElo "2211"]
[BlackElo "2284"]
[WhiteFideId "1001191"]
[BlackFideId "932400"]
[EventDate "2020.01.21"]

1. Nf3 Nf6 2. c4 g6 3. b3 Bg7 4. Bb2 O-O 5. g3 d6 6. d4 Nbd7 7. Bg2 c6 8. O-O a5
9. Nc3 e5 10. Qc2 Re8 11. e3 exd4 12. Nxd4 Nc5 13. e4 Qb6 14. Rfd1 a4 15. Rab1
axb3 16. axb3 Ng4 17. h3 Ne5 18. Bc1 Ned3 19. Be3 Nb4 20. Qd2 Be5 21. Kh2 Qd8
22. Nf3 Qe7 23. Bxc5 dxc5 24. Nxe5 Qxe5 25. f4 Qe7 26. Qd6 Qxd6 27. Rxd6 Be6 28.
e5 Red8 29. Na4 Rxd6 30. exd6 Na6 31. Rd1 Rd8 32. Rd2 f6 33. g4 Kf7 34. Kg3 Bc8
35. Nb6 Be6 36. Na4 Bc8 37. Nb6 Be6 38. Be4 f5 39. Bf3 Nb8 40. Na4 Nd7 41. g5
Ra8 42. Re2 Rd8 1/2-1/2

[Event "Gibraltar Masters 2020"]
[Site "Caleta ENG"]
[Date "2020.01.27"]
[Round "7.91"]
[White "Mohota, Nisha"]
[Black "Bru Rullo, Llatzer"]
[Result "0-1"]
[WhiteTitle "IM"]
[BlackTitle "FM"]
[WhiteElo "2201"]
[BlackElo "2273"]
[WhiteFideId "5004330"]
[BlackFideId "22219668"]
[EventDate "2020.01.21"]

1. d4 Nf6 2. c4 e6 3. Nc3 Bb4 4. e3 O-O 5. Bd2 b6 6. Nf3 Bb7 7. Bd3 d6 8. O-O
Nbd7 9. b3 Qe7 10. a3 Bxc3 11. Bxc3 Ne4 12. Bb2 f5 13. Nd2 e5 14. Bxe4 fxe4 15.
d5 Nf6 16. Qc2 Bc8 17. f3 exf3 18. Rxf3 Bg4 19. Rf2 Bh5 20. Raf1 Ng4 21. Rf3 Qg5
22. Qc3 Rxf3 23. Rxf3 Rf8 24. Rxf8+ Kxf8 25. Nf1 Qf5 26. Qd2 Qb1 27. b4 Bg6 28.
Qc1 Qxc1 29. Bxc1 Bd3 30. h3 Nf6 31. Nd2 b5 32. cxb5 Nxd5 33. Kf2 Bxb5 34. g3
Ke7 35. Bb2 Ke6 36. Ne4 Bd3 37. Nd2 Nf6 38. g4 Kd5 39. Kf3 Ne4 40. Nb3 Bc2 41.
Na5 Bd3 42. Bc1 g5 43. Kg2 Nc3 44. Bd2 Nb5 45. Bc1 Ke4 46. Nc6 a6 47. Ne7 Nc3
48. h4 gxh4 49. Kh3 Na2 50. Bd2 Kf3 51. Be1 c5 52. Nf5 c4 53. Nxd6 c3 54. Bxc3
Nxc3 55. Nf7 e4 56. Ng5+ Kxe3 57. Nxh7 Kf2 0-1

[Event "Gibraltar Masters 2020"]
[Site "Caleta ENG"]
[Date "2020.01.27"]
[Round "7.92"]
[White "Gvanceladze, Anna"]
[Black "Jansen, Guido"]
[Result "1/2-1/2"]
[WhiteTitle "WFM"]
[WhiteElo "2270"]
[BlackElo "2162"]
[WhiteFideId "4113721"]
[BlackFideId "1014650"]
[EventDate "2020.01.21"]

1. d4 d5 2. Nf3 Nf6 3. c4 dxc4 4. e3 e6 5. Bxc4 c5 6. O-O a6 7. Bb3 Be7 8. dxc5
Qxd1 9. Rxd1 Bxc5 10. Nc3 O-O 11. Bd2 Nc6 12. Rac1 Ba7 13. Na4 Bd7 14. Be1 Rfd8
15. Nc5 Bxc5 16. Rxc5 Be8 17. Rdc1 Rd3 18. R5c3 Rad8 19. Rxd3 Rxd3 20. Kf1 Kf8
21. Ke2 Rd8 22. Rd1 Rxd1 23. Kxd1 Ke7 24. Ke2 g6 25. Ng5 h6 26. Nh3 Kd6 27. f3
Nd5 28. Nf2 f5 29. Bd2 g5 30. Nd3 e5 31. g4 f4 32. Nf2 Bg6 33. e4 Nd4+ 34. Kd3
Nxb3 35. axb3 Kc5 36. Bc3 Nxc3 37. Kxc3 Be8 38. Nd3+ Kd6 39. Nb4 Bb5 40. Kd2 Kc5
41. Nc2 a5 42. Kc3 Be2 43. Ne1 Ba6 44. Nc2 Bb5 45. Ne1 Be2 46. Kd2 Bf1 47. Kc3
b5 48. Nd3+ Bxd3 49. b4+ axb4+ 50. Kxd3 b3 51. Kc3 b4+ 52. Kd3 Kb5 53. Kd2 Kc4
54. Ke2 Kd4 1/2-1/2

[Event "Gibraltar Masters 2020"]
[Site "Caleta ENG"]
[Date "2020.01.27"]
[Round "7.93"]
[White "Vedder, Richard"]
[Black "Spence, David J"]
[Result "1-0"]
[WhiteTitle "FM"]
[WhiteElo "2263"]
[BlackElo "2146"]
[WhiteFideId "1004166"]
[BlackFideId "407429"]
[EventDate "2020.01.21"]

1. d4 e6 2. Nf3 Nf6 3. c4 b6 4. g3 Ba6 5. b3 Bb7 6. Bg2 Bb4+ 7. Bd2 a5 8. O-O
O-O 9. Qc2 Re8 10. Nc3 d6 11. Rad1 Bxc3 12. Bxc3 Be4 13. Qc1 Nbd7 14. Bh3 Qb8
15. Qf4 b5 16. Nd2 Bg6 17. Bg2 Ra6 18. e4 e5 19. dxe5 dxe5 20. Qe3 a4 21. cxb5
Qxb5 22. Rfe1 Raa8 23. b4 Rad8 24. f3 Nb6 25. Bf1 Qc6 26. Qc5 Qe6 27. a3 Nfd7
28. Qe3 f6 29. Rc1 Bf7 30. Bb2 Qa2 31. Rc2 Bb3 32. Nxb3 Qxb3 33. Qf2 Rc8 34.
Rec1 Re6 35. Rc3 1-0

[Event "Gibraltar Masters 2020"]
[Site "Caleta ENG"]
[Date "2020.01.27"]
[Round "7.94"]
[White "Bottke, Hartmut"]
[Black "Vidic, Teja"]
[Result "0-1"]
[BlackTitle "WFM"]
[WhiteElo "2185"]
[BlackElo "2252"]
[WhiteFideId "4627873"]
[BlackFideId "14605511"]
[EventDate "2020.01.21"]

1. d4 d5 2. c4 c6 3. Nc3 Nf6 4. Nf3 dxc4 5. a4 Bf5 6. e3 e6 7. Bxc4 Bb4 8. O-O
O-O 9. Qe2 Nbd7 10. e4 Bg6 11. Bg5 Qa5 12. e5 Nd5 13. Na2 Qxa4 14. Nxb4 Qxb4 15.
Ra3 N7b6 16. Bd3 a6 17. Rd1 Rac8 18. Bc1 c5 19. Bxg6 fxg6 20. Ng5 Rc6 21. Qg4
Rf5 22. Rh3 Rxe5 23. Nf3 Rf5 24. Qh4 Nf6 25. dxc5 Qxh4 26. Nxh4 Rfxc5 0-1

[Event "Gibraltar Masters 2020"]
[Site "Caleta ENG"]
[Date "2020.01.27"]
[Round "7.95"]
[White "Paramzina, Anastasya"]
[Black "Veltkamp, Gerben"]
[Result "1/2-1/2"]
[WhiteTitle "WGM"]
[WhiteElo "2224"]
[BlackElo "2140"]
[WhiteFideId "4165012"]
[BlackFideId "4631307"]
[EventDate "2020.01.21"]

1. e4 e5 2. Nf3 Nc6 3. Bc4 Nf6 4. d3 h6 5. c3 d6 6. Nbd2 Qe7 7. Nf1 g6 8. Ng3
Bg7 9. O-O Bg4 10. h3 Bxf3 11. Qxf3 O-O 12. b4 Nd8 13. d4 Ne6 14. d5 Ng5 15. Qe2
Nfh7 1/2-1/2

[Event "Gibraltar Masters 2020"]
[Site "Caleta ENG"]
[Date "2020.01.27"]
[Round "7.96"]
[White "Oragwu, Chukwunonso"]
[Black "Gonzalez Gonzalez, Alfonso"]
[Result "1-0"]
[WhiteTitle "FM"]
[WhiteElo "2220"]
[BlackElo "2100"]
[WhiteFideId "8501254"]
[BlackFideId "2223007"]
[EventDate "2020.01.21"]

1. e4 c5 2. Nf3 Nc6 3. Bb5 g6 4. c3 Bg7 5. O-O e5 6. Re1 Nge7 7. a4 O-O 8. Na3
d5 9. d3 a6 10. Bxc6 Nxc6 11. Qe2 Re8 12. Nc2 d4 13. Na3 Be6 14. Nd2 Qd7 15.
Ndc4 Rad8 16. Nb6 Qc7 17. Nbc4 Rd7 18. Bd2 Red8 19. Red1 b6 20. Qf1 f6 21. Rab1
Rb8 22. cxd4 Nxd4 23. b4 b5 24. axb5 axb5 25. Ne3 Bf8 26. Rdc1 Qa7 27. Nac2 c4
28. dxc4 bxc4 29. Nxc4 Qa2 30. N2e3 Qa8 31. f3 Qa4 32. Qe1 Qb5 33. Kh1 Rbd8 34.
Qf2 Nc6 35. Qe1 Bh6 36. Rb2 Rd4 37. Ng4 Bg7 38. Na3 Qd3 39. Nb1 Bxg4 40. fxg4
Rxe4 41. Qg1 Ne7 42. b5 Qd6 43. b6 Rb8 44. b7 Qd7 45. Qa7 Qd8 46. Qa2+ Kh8 47.
h3 Rd4 48. Qa5 Qe8 49. Be3 Rd7 50. Qa6 f5 51. Ba7 e4 52. Rb5 e3 53. Bxb8 e2 54.
Re1 Rd8 55. Bc7 Rd1 56. Bg3 Qb8 57. Qa8 Nc6 58. Rc5 Bd4 59. Rxc6 Ba7 60. Rc8+
Kg7 61. Rxb8 1-0

[Event "Gibraltar Masters 2020"]
[Site "Caleta ENG"]
[Date "2020.01.27"]
[Round "7.97"]
[White "De Abreu, Roberto N"]
[Black "Piasetski, Leon"]
[Result "1-0"]
[WhiteTitle "FM"]
[BlackTitle "IM"]
[WhiteElo "2154"]
[BlackElo "2219"]
[WhiteFideId "14307472"]
[BlackFideId "2600072"]
[EventDate "2020.01.21"]

1. d4 g6 2. c4 Bg7 3. Nf3 d6 4. Nc3 c5 5. d5 Bxc3+ 6. bxc3 f5 7. g3 Qa5 8. Nd2
Nf6 9. Bg2 Nbd7 10. O-O O-O 11. Qc2 Nb6 12. Rb1 Bd7 13. Qd3 Rab8 14. Rb3 Na4 15.
e4 a6 16. Re1 fxe4 17. Bxe4 Nxe4 18. Nxe4 Bf5 19. Qe2 b5 20. Bh6 bxc4 21. Rxb8
Rxb8 22. Nf6+ 1-0

[Event "Gibraltar Masters 2020"]
[Site "Caleta ENG"]
[Date "2020.01.27"]
[Round "7.98"]
[White "Cherniack, Alex"]
[Black "Rudzinska, Michalina"]
[Result "1-0"]
[BlackTitle "WFM"]
[WhiteElo "2211"]
[BlackElo "2005"]
[WhiteFideId "2007606"]
[BlackFideId "1172883"]
[EventDate "2020.01.21"]

1. d4 Nf6 2. c4 e6 3. Nc3 c5 4. d5 exd5 5. cxd5 d6 6. e4 g6 7. f4 Bg7 8. Bb5+
Nfd7 9. Nf3 a6 10. Bd3 b5 11. O-O O-O 12. Re1 c4 13. Bc2 Nc5 14. h3 b4 15. Na4
Nxa4 16. Bxa4 Bd7 17. Bc2 Bb5 18. e5 Re8 19. a4 Bd7 20. e6 fxe6 21. dxe6 Bc6 22.
f5 b3 23. Bb1 gxf5 24. Bxf5 Qf6 25. Bg4 h5 26. Bxh5 Rxe6 27. Bg5 Rxe1+ 28. Qxe1
Qf5 29. Bg4 Qe4 30. Qh4 Nd7 31. Re1 Qh7 32. Be6+ Kh8 33. Qxc4 Bxf3 34. Bxd7 d5
35. Qc6 Rg8 36. Re3 Bxg2 37. Kxg2 Bxb2 38. h4 Qc2+ 39. Kg3 Qxc6 40. Bxc6 Bc1 41.
Rxb3 Bxg5 42. hxg5 Rxg5+ 43. Kf4 Rh5 44. Rd3 1-0

[Event "Gibraltar Masters 2020"]
[Site "Caleta ENG"]
[Date "2020.01.27"]
[Round "7.99"]
[White "Ajele, Rotimi"]
[Black "Hng, Mei-En Emmanuelle"]
[Result "1-0"]
[BlackTitle "WFM"]
[WhiteElo "2188"]
[BlackElo "2055"]
[WhiteFideId "8502994"]
[BlackFideId "5804566"]
[EventDate "2020.01.21"]

1. d4 Nf6 2. c4 c5 3. d5 e6 4. Nc3 exd5 5. cxd5 d6 6. Nf3 g6 7. Nd2 Bg7 8. e4
O-O 9. Be2 Re8 10. O-O Na6 11. h3 Nc7 12. Re1 Rb8 13. a4 b6 14. Bb5 Rf8 15. Bf1
a6 16. Nc4 b5 17. axb5 axb5 18. Nxd6 Nfxd5 19. Nxc8 Nxc3 20. Qxd8 Rxd8 21. Ne7+
Kf8 22. Nc6 Ra8 23. Rxa8 Rxa8 24. Bf4 Ne6 25. Bd6+ Ke8 26. e5 Nd5 27. Bxb5 Ndc7
28. Bc4 Kd7 29. Ne7 Rb8 30. Nd5 Bf8 31. Nf6+ Kc6 32. Bxf8 Rxf8 33. Nxh7 Rd8 34.
b3 Rd2 35. Nf6 g5 36. Ne4 Rd4 37. Nd6 f6 38. Nf5 Rf4 39. Bxe6 Nxe6 40. Ne7+ Kd7
41. Nd5 Rd4 42. Nxf6+ Kc6 43. Re3 Kb5 44. g3 Kb4 45. Ne4 Rd5 46. Nd6 Rd1+ 47.
Kg2 Rb1 48. h4 gxh4 49. gxh4 Rxb3 50. Re4+ Kc3 51. h5 Rb4 52. h6 Ng5 53. Re3+
Kb2 54. e6 Nxe6 55. Rxe6 Rh4 56. Kg3 Rh1 57. Nf5 c4 58. Re7 c3 59. h7 c2 60. Nh4
Rg1+ 61. Kf3 c1=Q 62. h8=Q+ 1-0

[Event "Gibraltar Masters 2020"]
[Site "Caleta ENG"]
[Date "2020.01.27"]
[Round "7.102"]
[White "Arroyo Rodriguez, Jesus"]
[Black "Gravett, Alan D"]
[Result "1-0"]
[WhiteElo "2125"]
[BlackElo "1824"]
[WhiteFideId "2277760"]
[BlackFideId "406171"]
[EventDate "2020.01.21"]

1. e4 g6 2. d4 Bg7 3. Nf3 d6 4. Bc4 Nf6 5. Qe2 O-O 6. e5 Ne8 7. h3 c6 8. O-O b5
9. Bb3 a5 10. a3 e6 11. Bg5 Qc7 12. Nbd2 Ba6 13. Rfe1 h6 14. Bh4 d5 15. g4 c5
16. c3 a4 17. Ba2 g5 18. Bxg5 hxg5 19. Nxg5 cxd4 20. Qd3 1-0

[Event "Gibraltar Masters 2020"]
[Site "Caleta ENG"]
[Date "2020.01.27"]
[Round "7.103"]
[White "Reeder, Andy"]
[Black "Seewi, Joram"]
[Result "1/2-1/2"]
[WhiteElo "2064"]
[BlackElo "2109"]
[WhiteFideId "2016516"]
[BlackFideId "16260350"]
[EventDate "2020.01.21"]

1. Nf3 g6 2. e4 Nf6 3. Nc3 d5 4. e5 Ne4 5. d4 c5 6. Nxe4 dxe4 7. Ng5 h6 8. Nxe4
Qxd4 9. Qxd4 cxd4 10. Bf4 g5 11. Bg3 a6 12. Bc4 Bg7 13. O-O Bf5 14. Nc5 Bxc2 15.
Rac1 Bg6 16. Rfd1 O-O 17. Rxd4 Nc6 18. Rd7 Nxe5 19. Bxe5 Bxe5 20. Rxb7 Bf4 21.
Rd1 Rfc8 22. b4 a5 23. a3 axb4 24. axb4 Bd6 25. Rb5 Ra3 26. Bd5 Be5 27. g3 Kg7
28. Be4 Bh5 29. Rb1 Bd4 30. Rb7 Kf8 31. Re1 Ra2 32. Nd3 Rcc2 33. Rb8+ Kg7 34. b5
Be2 35. Nb4 Rcb2 36. Nxa2 Rxa2 37. Rc8 Bxb5 38. Rc2 Ra3 39. Kg2 Ra7 40. h3 e5
41. g4 Bd7 42. Rb1 1/2-1/2

[Event "Gibraltar Masters 2020"]
[Site "Caleta ENG"]
[Date "2020.01.27"]
[Round "7.104"]
[White "Herzwurm, Robert"]
[Black "Gagare, Shalmali"]
[Result "1/2-1/2"]
[BlackTitle "WIM"]
[WhiteElo "1979"]
[BlackElo "2099"]
[WhiteFideId "4668570"]
[BlackFideId "5038650"]
[EventDate "2020.01.21"]

1. e4 e5 2. Nf3 Nc6 3. Bc4 Bc5 4. b4 Bxb4 5. c3 Ba5 6. d4 d6 7. Qb3 Qd7 8. dxe5
Bb6 9. Nbd2 Na5 10. Qc2 Nxc4 11. Nxc4 dxe5 12. Nxb6 axb6 13. Nxe5 Qa4 14. Qd3
Be6 15. O-O Ne7 16. Rd1 f6 17. Nf3 O-O 18. Bf4 Rac8 19. Nd4 Bf7 20. Qb5 Qc4 21.
Qxc4 Bxc4 22. Nc2 Ng6 23. Bg3 Ne5 24. Ne3 Be6 25. Rd4 Kf7 26. Rc1 Nc6 27. Rd2
Ke7 28. Nd5+ Bxd5 29. exd5 Ne5 30. Re2 Kd6 31. Rce1 Rfe8 32. Bxe5+ 1/2-1/2

[Event "Gibraltar Masters 2020"]
[Site "Caleta ENG"]
[Date "2020.01.27"]
[Round "7.106"]
[White "Teh, Wee Zhun"]
[Black "Hamer, Martyn"]
[Result "1/2-1/2"]
[WhiteElo "1857"]
[BlackElo "2069"]
[WhiteFideId "5707277"]
[BlackFideId "413160"]
[EventDate "2020.01.21"]

1. d4 Nf6 2. c4 g6 3. Nc3 Bg7 4. e4 d6 5. Be2 O-O 6. Be3 e5 7. d5 a5 8. g4 Na6
9. h4 Nc5 10. f3 h5 11. g5 Nfd7 12. Qd2 Nb6 13. b3 Qe7 14. Nh3 Bxh3 15. Rxh3 c6
16. Rb1 Kh7 17. Kf2 cxd5 18. cxd5 Nbd7 19. Kg2 Rfc8 20. Rhh1 Nb8 21. a3 Nba6 22.
b4 axb4 23. axb4 Nd7 24. Nb5 Nc7 25. Na7 Rf8 26. Rhc1 Ne8 27. Nc6 bxc6 28. dxc6
Nc7 29. cxd7 Qxd7 30. b5 Ne6 31. b6 Nf4+ 32. Bxf4 exf4 33. b7 Rab8 34. Qd5 f6
35. Rc2 fxg5 36. hxg5 Qe7 37. Rc8 Rbxc8 38. bxc8=Q Rxc8 39. Rb7 1/2-1/2

[Event "Gibraltar Masters 2020"]
[Site "Caleta ENG"]
[Date "2020.01.27"]
[Round "7.107"]
[White "Wilson, Matthew R"]
[Black "Stolniceanu, Victor-Dumitru"]
[Result "0-1"]
[WhiteElo "1837"]
[BlackElo "2074"]
[WhiteFideId "423459"]
[BlackFideId "1221019"]
[EventDate "2020.01.21"]

1. e4 e5 2. Nf3 Nc6 3. Nc3 Bc5 4. Nxe5 Bxf2+ 5. Kxf2 Nxe5 6. d4 Ng6 7. Qf3 N8e7
8. Bc4 O-O 9. Rf1 Kh8 10. Kg1 f5 11. e5 c6 12. Bg5 d5 13. Bd3 Qb6 14. Ne2 Bd7
15. Kh1 Rae8 16. h4 h6 17. Qh5 Kg8 18. Be3 Nxe5 19. Bxh6 Nxd3 20. Bxg7 Kxg7 21.
cxd3 Rh8 22. Qg5+ Ng6 23. Rf2 Rxh4+ 24. Kg1 Qxb2 25. Raf1 Reh8 26. Ng3 Qxd4 27.
Re1 Qf6 28. Qe3 f4 29. Rxf4 Qxf4 0-1

[Event "Gibraltar Masters 2020"]
[Site "Caleta ENG"]
[Date "2020.01.27"]
[Round "7.109"]
[White "Kozarcanin, Sead"]
[Black "Bengherabi, Khalil"]
[Result "0-1"]
[BlackTitle "FM"]
[WhiteElo "2019"]
[BlackElo "2106"]
[WhiteFideId "14504650"]
[BlackFideId "7900325"]
[EventDate "2020.01.21"]

1. e4 c5 2. Nf3 d6 3. d3 g6 4. g3 Nc6 5. Bg2 Bg7 6. O-O b5 7. a4 b4 8. c3 Rb8 9.
Qc2 Qb6 10. Be3 Nf6 11. h3 O-O 12. Rd1 Ba6 13. Nbd2 Nd7 14. Nc4 Bxc4 15. dxc4
bxc3 16. bxc3 Qb3 17. Rac1 Qxc2 18. Rxc2 Rb3 19. Bd2 Ra3 20. Rb1 Rb8 21. Rxb8+
Ncxb8 22. Rb2 Nb6 23. e5 Nc6 24. exd6 exd6 25. Bf4 Bxc3 26. Re2 Nxc4 27. Re8+
Kg7 28. Ng5 Nd4 29. Bd5 Nb6 30. Bxf7 Nf3+ 31. Nxf3 Kxf7 32. Re3 Nd5 33. Ng5+ Kg7
34. Ne6+ Kg8 35. Rf3 Nxf4 36. Rxf4 Bg7 37. Nc7 Be5 38. Re4 Kf7 39. f4 Bd4+ 40.
Kg2 Rxa4 41. Nb5 Ra2+ 42. Kf1 Ra6 43. Nc7 Rb6 44. Nd5 Rb7 45. g4 a5 46. Re2 a4
47. Ne3 Ke6 0-1